The Play Day/Sport Day movement in selected colleges of the South /

Bibliographic Details
Main Author: St. Clair, Stephen Isaac
Format: Thesis Microform Book
Language:English
Published: [Place of publication not identified] : [publisher not identified] ; 1984.
Subjects:

MARC

Tag First Indicator Second Indicator Subfields
LEADER 00000cam a2200000 a 4500
001 in00000018907
005 20151007054111.0
007 he bmb|||||||
008 860426r19861984oru bb 00010 eng d
035 |a (OCoLC)13499505 
035 |9 AAB3987AM 
040 |a ORU  |c XBM  |d XBM  |d HPE  |d TXA  |d UtOrBLW 
043 |a n-usu-- 
049 |a TXAI 
099 |a fiche  |a C  |a 9441 
100 1 |a St. Clair, Stephen Isaac. 
245 1 4 |a The Play Day/Sport Day movement in selected colleges of the South /  |c by Stephen Isaac St. Clair. 
264 1 |a [Place of publication not identified] :  |b [publisher not identified] ;  |c 1984. 
300 |a v, 168 leaves. 
336 |a text  |b txt  |2 rdacontent 
337 |a microform  |b h  |2 rdamedia 
338 |a microfiche  |b he  |2 rdacarrier 
502 |b Ed. D.  |c University of North Carolina at Greensboro  |d 1984. 
504 |a Bibliography: leaves 149-156. 
533 |a Microfiche.  |b Eugene :  |c Microform Publications, College of Human Development and Performance, University of Oregon,  |d 1986.  |e 2 microfiches : negative ; 11 x 15 cm. 
500 |a Microform. 
650 0 |a Sports for women  |z Southern States  |x History. 
650 0 |a College sports  |z Southern States  |x History. 
740 4 |a The Play Day Sport Day movement in selected colleges of the South. 
999 |a MARS 
999 f f |s 955ea4b0-663b-3148-be11-d6b1aa16bed9  |i 3c47197d-0fe9-381e-861d-985a1562f835  |t 0 
952 f f |p normal  |a Texas A&M University  |b College Station  |c Sterling C. Evans Library  |d Evans: Microforms (3rd floor)  |t 0  |e fiche C 9441  |h Other scheme  |i microform -- microfiche  |m A14823240804 
998 f f |a fiche C 9441  |t 0  |l Evans: Microforms (3rd floor)